000 00513nam a2200193Ia 4500
003 GCL
008 140319s9999 xx 000 0 eng d
040 _aGCL /
_cGCL
082 0 4 _a962.03
_bL C
100 1 _aLACOUTURE, JEAN
245 1 0 _aCHAMPOLLION: UN VIE DE LUMIERES /
_cLACOUTURE, JEAN
260 _a[S.N] :
_bBERNARD GRASSET ،
_c1988
300 _a529
650 0 4 _aFRENCH EXPEDITION
650 0 4 _aEGYPTIAN LANGUAGE
650 0 4 _aCHAMPOLLION, 1790 - 1832
650 0 4 _aHIEROGLYPHY
942 _2ddc
_cBK
999 _c24694
_d24694